000
00316 a2200145 4500
001
170994
020
_a
040
_c
Magnum
100
_a
Amaral, Maria Lucia
240
1
0
_a
João contra a bruxa cabelão
_l
por
245
1
0
_a
João contra a bruxa cabelão
362
0
_a
1899
697
_a
IJ/FICCAO
942
_c
BK
999
_c
170994
_d
170994